000
00292nam a2200109Ia 4500
001
1272261
005
20260417151425.0
008
260417s9999 xx 000 0 und d
020
_a
9786256495838
245
0
_a
Robotlar Gerçekten Akıllı Mıdır?
_c
Federico Taddia
260
_b
Ketebe Çocuk
999
_c
1272261
_d
1272261